|
|
|
|
| LEADER |
00000naa a2200000uu 4500 |
| 001 |
vtls011087726 |
| 003 |
SK-MaSNL |
| 005 |
20260302145124.0 |
| 008 |
210905|1996 xo |||||||||||||||||rus| |
| 015 |
|
|
|a SNBRA
|
| 035 |
|
|
|a (urnnbn)urn:nbn:sk:snk:ar-a0cnti
|
| 035 |
|
|
|a (uuid)d20f6656-df8b-46e5-974e-5dd33a35da71
|
| 035 |
|
|
|a urn:nbn:sk:snk-aavtn8
|
| 040 |
|
|
|a SNKBUCL
|b slo
|c SNKBUCL
|e AACR2
|
| 041 |
0 |
|
|a rus
|
| 044 |
|
|
|a xo
|c SK
|
| 100 |
1 |
|
|a Budagova, Ljudmila
|4 aut
|9 836822
|
| 245 |
1 |
0 |
|a CHUDOŽESTVENNYJE NAPRAVLENIJA XX VEKA I OPYT RAZVITIJA SLAVJANSKICH LITERATUR
|c Ljudmila Budagova
|
| 773 |
0 |
|
|t Pavol Jozef Šafárik a slavistika
|d Prešov : Filozofická fakulta UPJŠ ; Martin : Matica slovenská, 1996
|g S. 25-29
|z 8088722225
|
| 958 |
|
|
|a OND
|
| 958 |
|
|
|a article12
|
| 958 |
|
|
|a chapter
|
| 999 |
|
|
|c 1352721
|d 1354651
|